|
|
|
|
| LEADER |
00000nab a2200000 4500 |
| 001 |
vtls011931113 |
| 003 |
SK-MaSNL |
| 005 |
20260507170341.0 |
| 008 |
200507c2018 xo er|n || ||00 c0ukr |
| 015 |
|
|
|a SNBRB2020/05
|
| 038 |
|
|
|a SVKPOCL
|
| 040 |
|
|
|a SVKPOCL
|b slo
|c SVKPOCL
|e rda
|
| 041 |
0 |
|
|a ukr
|
| 043 |
|
|
|a e-ru---
|a e-xo---
|
| 044 |
|
|
|a xo
|c SK
|
| 072 |
|
7 |
|a 316.7
|x Sociológia kultúry. Kultúrny život
|2 konspekt
|
| 072 |
|
7 |
|a 930.85
|x Dejiny civilizácie. Kultúrne dejiny
|2 konspekt
|
| 072 |
|
7 |
|a 378
|x Vysoké školy
|2 konspekt
|
| 080 |
|
|
|a 94-051
|2 2011
|
| 080 |
|
|
|a 930.85-051
|2 2011
|
| 080 |
|
|
|a 378.093.2-051
|2 2011
|
| 080 |
|
|
|a (=161.25)
|2 2011
|
| 080 |
|
|
|a 316.7-051
|2 2011
|
| 080 |
|
|
|a 398-051
|2 2011
|
| 080 |
|
|
|a 069
|2 2011
|
| 080 |
|
|
|a (470+571)
|2 2011
|
| 080 |
|
|
|a (437.6)
|2 2011
|
| 080 |
|
|
|a 929 Aristov, Fjodor Fjodorovič
|2 2011
|
| 100 |
1 |
|
|a Kuzmiaková, Anna,
|d 1949-
|4 aut
|9 210981
|
| 245 |
1 |
0 |
|a Fjodor Arystov - mav mnohў rukopysy Duchnoviča
|c A. Kuzmjakova
|
| 246 |
1 |
|
|i Iný názov:
|a Jubileji v 2018-im roci - 6
|
| 300 |
|
|
|b Fotografie
|
| 336 |
|
|
|a text
|b txt
|2 rdacontent
|
| 337 |
|
|
|a bez média
|b n
|2 rdamedia
|
| 338 |
|
|
|a zväzok
|b nc
|2 rdacarrier
|
| 500 |
|
|
|a V rubrike Našў osobnosty
|
| 500 |
|
|
|a Tiflisskij gosudarstvennyj universitet pozri Tbilisskij gosudarstvennyj universitet (Tbilisi, Gruzinsko)
|
| 500 |
|
|
|a Aristov, Fjodor pozri Aristov, Fjodor Fjodorovič
|
| 500 |
|
|
|a Satin vlastným menom Aristov, Fjodor Fjodorovič
|
| 500 |
|
|
|a Slavjanoljubov vlastným menom Aristov, Fjodor Fjodorovič
|
| 500 |
|
|
|a Vseslavjanskij vlastným menom Aristov, Fjodor Fjodorovič
|
| 500 |
|
|
|a Doplňujúce údaje sú prevzaté z Wikipediji
|
| 600 |
1 |
7 |
|a Aristov, Fjodor Fjodorovič,
|d 1888-1932
|2 svkpocl
|9 1629163
|
| 600 |
1 |
7 |
|a Duchnovyč, Oleksandr,
|d 1803-1865
|2 SNKMA
|9 192471
|
| 600 |
1 |
7 |
|a Dobriansky, Adolf I.,
|d 1817-1901
|2 SNKMA
|9 142221
|
| 600 |
1 |
7 |
|a Kralickij, Anatolij,
|d 1835-1894
|2 SNKMA
|9 158235
|
| 610 |
2 |
7 |
|a Tbilisskij gosudarstvennyj universitet (Tbilisi, Gruzinsko)
|2 svkpocl
|9 1631356
|
| 610 |
2 |
7 |
|a Obščestvo imeni Aleksandra Duchnoviča (Užhorod, Ukrajina)
|2 svkpocl
|9 1339012
|
| 610 |
2 |
7 |
|a Karpato-russkij muzej (Moskva, Rusko)
|2 svkpocl
|9 1631357
|
| 630 |
0 |
7 |
|a «Russkij archiv»
|g (časopis)
|2 svkpocl
|9 1631358
|
| 630 |
0 |
7 |
|a «Karpatorusskije pisateli»
|f (1916)
|g (publikácia)
|2 svkpocl
|9 1631359
|
| 630 |
0 |
7 |
|a «Biblioteka karpato-russkich pisatelej»
|g (publikácia)
|2 svkpocl
|9 1631360
|
| 648 |
|
7 |
|a 14.10.1888-5.11.1932
|2 svkpocl
|9 1631361
|
| 650 |
0 |
7 |
|a historici
|2 SNKPH
|9 54543
|
| 650 |
0 |
7 |
|a pedagógovia
|2 SNKPH
|9 18561
|
| 650 |
0 |
7 |
|a kultúrni pracovníci
|2 SNKPH
|9 74938
|
| 650 |
0 |
7 |
|a panslavizmus
|2 SNKPH
|9 4798
|
| 650 |
0 |
7 |
|a osobnosti
|2 SNKPH
|9 29820
|
| 650 |
0 |
7 |
|a biografia
|2 SNKPH
|9 71085
|
| 650 |
0 |
7 |
|a historiografia
|2 SNKPH
|9 3848
|
| 650 |
0 |
7 |
|a vysokoškolskí učitelia
|2 SNKPH
|9 66590
|
| 650 |
0 |
7 |
|a karpatorusinistika
|2 svkpocl
|9 490626
|
| 650 |
0 |
7 |
|a slavistika
|2 SNKPH
|9 4282
|
| 650 |
0 |
7 |
|a vedci
|2 SNKPH
|9 70904
|
| 650 |
0 |
7 |
|a rusinistika
|2 SNKPH
|9 90871
|
| 650 |
0 |
7 |
|a etnografi
|2 SNKPH
|9 110822
|
| 651 |
|
7 |
|a Rusko
|2 SNKPHgeo
|9 17250
|
| 651 |
|
7 |
|a Moskva (Rusko)
|2 SNKPH
|9 17405
|
| 651 |
|
7 |
|a Varnavyno (Rusko)
|2 svkpocl
|9 1631362
|
| 651 |
|
7 |
|a Tbilisi (Gruzinsko)
|2 svkpocl
|9 58326
|
| 655 |
|
7 |
|a biografie
|2 SNKPH
|9 27965
|
| 773 |
0 |
|
|t NN info Rusyn
|g Roč. XV (27), č. 18 (2018), s. 11
|x 2454-0013
|
| 852 |
|
|
|a SVKPO
|b KIS3GCP
|
| 856 |
4 |
2 |
|y Elektronický archív Info Rusyna je dostupný na: http://www.rusyn.sk
|
| 856 |
4 |
2 |
|u https://uk.wikipedia.org/wiki/%D0%90%D1%80%D1%96%D1%81%D1%82%D0%BE%D0%B2_%D0%A4%D0%B5%D0%B4%D1%96%D1%80_%D0%A4%D0%B5%D0%B4%D0%BE%D1%80%D0%BE%D0%B2%D0%B8%D1%87
|
| 856 |
4 |
2 |
|u http://www.nplg.gov.ge/dlibrary/collect/0002/000071/avtoreferaty%20rus.pdf
|
| 958 |
|
|
|a RN
|
| 958 |
|
|
|a SS
|
| 958 |
|
|
|a BC
|
| 958 |
|
|
|a LX
|
| 958 |
|
|
|a BX
|
| 958 |
|
|
|a SK
|
| 958 |
|
|
|a NM
|
| 958 |
|
|
|a RU
|
| 999 |
|
|
|c 3364440
|d 3366370
|